| 000 -LEADER |
| fixed length control field |
01427cam a2200241 i 4500 |
| 001 - CONTROL NUMBER |
| control field |
20232074 |
| 005 - DATE AND TIME OF LATEST TRANSACTION |
| control field |
20221108155823.0 |
| 008 - FIXED-LENGTH DATA ELEMENTS--GENERAL INFORMATION |
| fixed length control field |
171227s2018 enk b 001 0 eng |
| 020 ## - INTERNATIONAL STANDARD BOOK NUMBER |
| International Standard Book Number |
9781785927782 X |
| 041 ## - LANGUAGE CODE |
| Language code of text/sound track or separate title |
eng |
| 080 ## - UNIVERSAL DECIMAL CLASSIFICATION NUMBER |
| Universal Decimal Classification number |
376.2+159 B-67 |
| 100 1# - MAIN ENTRY--PERSONAL NAME |
| Personal name |
Blome, Leslie |
| Relator term |
author. |
| 9 (RLIN) |
11952 |
| 245 10 - TITLE STATEMENT |
| Title |
Practical strategies for supporting emotional regulation in students with autism : |
| Remainder of title |
enhancing engagement and learning in the classroom / |
| Statement of responsibility, etc. |
Leslie Blome with Maureen Zelle. |
| 264 #1 - PRODUCTION, PUBLICATION, DISTRIBUTION, MANUFACTURE, AND COPYRIGHT NOTICE |
| Place of production, publication, distribution, manufacture |
London ; |
| -- |
Philadelphia : |
| Name of producer, publisher, distributor, manufacturer |
Jessica Kingsley Publishers, |
| Date of production, publication, distribution, manufacture, or copyright notice |
2018. |
| 300 ## - PHYSICAL DESCRIPTION |
| Extent |
128 pages : |
| Other physical details |
illustrations ; |
| Dimensions |
22 cm. |
| 653 ## - INDEX TERM--UNCONTROLLED |
| keyword |
აუტისტი ბავშვები |
| 653 ## - INDEX TERM--UNCONTROLLED |
| keyword |
ფსიქოლოგია |
| 653 ## - INDEX TERM--UNCONTROLLED |
| keyword |
აუტიზმის მქონე მოსწავლეებში ემოციური რეგულირების ხელშემწყობი პრაქტიკული სტრატეგიები |
| 653 ## - INDEX TERM--UNCONTROLLED |
| keyword |
კლასში ჩართულობისა და სწავლის გაღრმავება |
| 653 ## - INDEX TERM--UNCONTROLLED |
| keyword |
Практические стратегии поддержки эмоциональной регуляции у учащихся с аутизмом: повышение вовлеченности и обучения в классе |
| 700 1# - ADDED ENTRY--PERSONAL NAME |
| Personal name |
Zelle, Maureen |
| Relator term |
ავტორი |
| 9 (RLIN) |
11953 |
| 942 ## - ADDED ENTRY ELEMENTS (KOHA) |
| Source of classification or shelving scheme |
|
| Koha item type |
წიგნი |